[Event "2013 Battle of Alberta"]
[Site "Red Deer"]
[Date "2013.09.07"]
[Round "1"]
[White "Wang, Richard"]
[Black "Kazmaier, Dan"]
[Result "1/2-1/2"]
[WhiteElo "2440"]
[BlackElo "2196"]
[PlyCount "124"]
[EventDate "2013.09.07"]
[EventType "match"]
[EventRounds "2"]
[EventCountry "CAN"]
[SourceDate "2013.09.08"]

1. d4 e6 2. Nf3 Nf6 3. e3 b6 4. Bd3 Bb7 5. O-O d5 6. b3 Bd6 7. Bb2 O-O 8. Ne5
c5 9. Nd2 Nc6 10. a3 Rc8 11. Qf3 $5 (11. f4 Ne7 12. Ng4 Nxg4 13. Qxg4 g6 $11 {
Is a more natural continuation for both sides}) (11. Qe2 Ne7 12. Rfd1 cxd4 13.
exd4 Rc7 14. Rac1 Qa8 15. Re1 Qc8 16. c4 Ng6 17. g3 dxc4 18. bxc4 Ba8 19. f3
Rd8 20. Nxg6 hxg6 21. Ne4 Be7 22. h4 Nh5 23. Kf2 Rcd7 24. Rg1 Qb8 25. Qe3 e5
26. Rce1 exd4 27. Qd2 Bd6 28. Nxd6 Qxd6 29. Qg5 Qc6 30. Be4 Qxc4 31. Bxa8 Rxa8
32. Rc1 Qb3 33. Qd2 Qe3+ 34. Qxe3 dxe3+ 35. Ke1 Rd2 36. Bc3 Rad8 {
0-1 (36) Wang,R (2460)-Porper,E (2494) AB Closed Championship 2013}) 11... Qc7
12. Qg3 Ne7 13. Qh3 Ne4 (13... Ng6 14. Ndf3 cxd4 15. Nxg6 hxg6 16. exd4 Qe7 17.
Bc1 $11) 14. f3 Ng5 15. Qh5 f6 $5 (15... cxd4 $1 {
Much stronger, with the following continuations} 16. Qxg5 (16. exd4 f6 17. f4
Ne4 18. Qh3 Nf5 19. Nxe4 dxe4 20. Bc4 Qe7 $17 21. a4 (21. Ng4 b5 $1 22. Bxb5
Rxc2 23. Rf2 Rxf2 24. Nxf2 Bd5 $19) 21... fxe5 22. fxe5 Bxe5 23. dxe5 Rxc4 $1
24. bxc4 Qc5+ 25. Kh1 Qxc4 26. Qb3 (26. Rf4 Qxc2 27. Ba3 Rd8 $19) 26... Ng3+
27. hxg3 Rxf1+ 28. Rxf1 Qxf1+ 29. Kh2 Qf5 $19) 16... Bxe5 17. f4 Bf6 18. Qg3
Nf5 19. Bxf5 exf5 20. Rac1 Rfe8 21. Bxd4 Bxd4 22. exd4 Re2 $17) 16. Ng4 Nf5 17.
f4 Ne4 (17... g6 $2 18. Nxf6+ Rxf6 19. Qxg5 Rf7 20. Rae1 $14) 18. Nf3 c4 $36 ({
My opponent thought for 32 minutes on 18. Nf3, so I thought the following
continuation was too complicated to play. Instead of pushing the g- and
h-pawns, black maintains a comfortableinitiative} 18... g6 $1 19. Qh3 h5 20.
Nf2 Nxe3 21. dxc5 Bxf4 22. Qxe6+ Kg7 23. cxb6 axb6 {Diagram [#]} 24. Nxe4 dxe4
25. Bxe4 Nxf1 26. Rxf1 Bxe4 (26... Rce8 $2 27. Bxf6+ Rxf6 28. Qxe8 $18) 27.
Qxe4 Rce8 $19) 19. bxc4 dxc4 20. Bxe4 Bxe4 21. c3 Qc6 $15 22. a4 a5 23. Rfe1
Bc2 24. Ba3 Bxa3 25. Rxa3 Nd6 {Trying to maintain control over the e4 square.}
26. Nf2 Kh8 27. Ra2 Bxa4 28. e4 Qe8 29. Qh3 Bc6 ({I had originally intended
the following, but my minors are too far from protecting the kingside if the
central pawn pushes break though} 29... Bb3 30. Rae2 Nb5 31. Re3) 30. Rd2 Qf7
31. e5 Nf5 32. exf6 Bxf3 $6 $11 {Black avoids favourable complications} (32...
gxf6 33. d5 Bxd5 34. Rxd5 exd5 35. Qxf5 Rce8 36. Rd1 Qe6 37. Qc2 Qe2 $15) 33.
Qxf3 (33. fxg7+ Nxg7 (33... Qxg7 34. Qxf3 Nh4 35. Qg3 Rxf4 36. Rxe6 Qf7 37. Re5
{Diagram [#] Although Houdini evaluates all continuations as equal, I think
most human players would prefer black}) 34. Qxf3 Qxf4 35. Qxf4 Rxf4 36. Rb1 Rb8
37. Rdb2 $11) 33... gxf6 34. Rde2 Rfe8 35. Qh3 Rcd8 36. Ne4 b5 $5 ({
Rerouting the knight to d5 was much stronger} 36... Ne7 $1 37. Qf3 Nd5 $15) 37.
g4 {Both players are under 5 minutes plus increment} Ng7 38. Qh4 Rf8 39. Nc5
Rde8 40. Ne4 Qg6 41. Rg2 f5 $2 ({Instead of forcing the issue, black should
push his pawns. In positions such as this the result can change from one tempo.
} 41... b4 $1 42. g5 fxg5 43. Rxg5 (43. Nxg5 b3 $19) 43... Nf5 44. Qh3 Qf7 $19)
42. Nd6 Rd8 43. gxf5 Nxf5 $4 {Diagram [#] Instantly played and an inward groan
as I saw I was dropping the exchange} 44. Qxd8 $1 Rxd8 45. Rxg6 Nxd6 46. Rgxe6
$18 b4 {Black's only chances remain in his passed pawns, making it difficult
for white to convert} 47. R6e5 Ra8 48. Rd5 Ra6 49. f5 $2 $15 (49. Ra1 $1 b3 50.
Rdxa5 Rxa5 51. Rxa5 Ne4 52. Ra8+ Kg7 53. d5 Nxc3 54. d6 b2 55. Rb8 Nb5 $1 56.
Rxb5 c3 57. d7 c2 58. d8=Q c1=Q+ $11 {
Diagram [#] Black escapes with a perpetual} 59. Kf2 ({
White escapes with a perpetual} 59. Kg2 Qc6+ 60. Kf2 Qxb5 61. Qe7+ Kg6 62. Qe6+
Kh5 63. Qh3+ $11) 59... Qxf4+ 60. Kg2 Qg4+ $11) (49. Re6 $2 b3 $1 $19 50. Rexd6
Rxd6 51. Rxd6 a4 {The passed pawns are too strong for white's rook}) 49... b3
50. f6 Kg8 (50... b2 $4 51. Rxd6 Rxd6 52. Re8#) 51. Rg5+ {White offers a draw,
but black has no reason to accept with his two protected passed pawns} Kf8 $1 (
51... Kf7 52. Rg7+ Kxf6 53. Rge7 $15) 52. Rg7 Nf7 $4 {Diagram [#]
Unbelievable! White selfmates, yet both players miss this playing on
increments the past 15 moves.} (52... a4 53. Rxh7 Nf7 54. Re7 Rxf6 55. Rb7 a3
$19) 53. Rxh7 $2 (53. Rg8+ Kxg8 54. Re8#) 53... a4 54. Rh5 a3 55. Rc5 Rxf6 $2
$15 {Black misses his best chance. Although he is down the exchange and pawn,
his two passers on the sixth are objectivelly worth a rook.} (55... Nd6 $19)
56. Rxc4 Ng5 57. Rd1 Rb6 $2 $11 ({Passed pawns must be pushed! Black misses
his last chance with the following, as he maintains his a-pawn.} 57... b2 $1
58. Rc8+ Kf7 59. Rb8 Nh3+ 60. Kg2 Nf4+ 61. Kg3 Nd3 $1 {Diagram [#]} 62. Rb7+
Kg6 63. h4 (63. Ra7 $2 Nc1 $19) 63... a2 64. Rxb2 Nxb2 65. Ra1 Ra6 $19) 58. Ra4
a2 59. Ra1 b2 60. R4xa2 bxa1=Q+ 61. Rxa1 Rb2 62. Rf1+ Ke7 {
Diagram [#] Even though there were numerous blunders, a well-fought battle.}
1/2-1/2

[Event "Geoff Newton Memorial"]
[Site "Edmonton"]
[Date "2013.11.03"]
[Round "4"]
[White "Sequillion, Aaron"]
[Black "Pechenkin, Vladimir"]
[Result "0-1"]
[WhiteElo "2016"]
[BlackElo "2337"]
[PlyCount "46"]
[EventDate "2013.11.01"]
[EventType "tourn"]
[EventRounds "5"]
[EventCountry "CAN"]
[SourceDate "2013.09.08"]

1. e4 e6 2. d4 d5 3. e5 c5 4. c3 Nc6 5. Nf3 Bd7 6. Be2 f6 {
A sharp line that leads to double-edged play.} 7. O-O fxe5 8. dxe5 Qc7 9. Bf4
O-O-O 10. c4 d4 11. Nbd2 {The knight intends to jump to d6, this is one of
White's main ideas in this variation.} Nh6 12. Re1 Nf7 {
Now that d6 is covered Black is going to prepare g7-g5.} 13. Bd3 {
White reinforces e5 but gives Black valuable time to develop the initiative.} (
13. Ng5 $5 Nxg5 14. Bxg5 Re8 15. Bh5 g6 16. Bf6 {
slowing down Black's kingside operations.}) 13... Be7 14. Ne4 {
Curiously, we have now transposed to the game Motylev - Ivanov, 1997.} h6 ({
The aforementioned game continued} 14... Rdf8 15. Bg3 g5 16. Nf6 h5 17. h3 {
with an unclear position.}) 15. h4 $2 {
This attempt to slow Black down backfires.} ({Correct is} 15. Bg3 $1 {
and Black has some difficulties in proceeding.} {For example,} g5 $6 16. Nf6 $1
h5 17. Nd5 $1 $16) 15... g5 $1 {Anyway!} 16. hxg5 $2 {
Opening up the h-file is suicidal.} ({White must play} 16. Bg3 {
keeping the h-file closed.} {After} gxh4 17. Nxh4 Rhg8 18. Nf3 Nfxe5 19. Nxe5
Nxe5 20. Qe2 Rdf8 {Black is better but the game is far from being over.}) 16...
hxg5 17. Nexg5 Nxg5 18. Nxg5 Rdf8 $1 19. g3 $2 {Now Black wins quickly.} ({
The only way to prolong the game is} 19. Qd2 Bxg5 20. Bxg5 Nxe5 21. Rxe5 Qxe5
22. f4 {sacrificing an exchange to save the king for the time being.}) 19...
Bxg5 20. Bxg5 Nxe5 21. Be4 (21. Bf4 {doesn't change anything.} {For example,}
Bc6 22. f3 Nxf3+ 23. Qxf3 Bxf3 24. Bxc7 Rh1+ 25. Kf2 Rh2+ 26. Kf1 Kxc7 {
and wins.}) 21... Bc6 $1 {Black's position plays itself.} 22. f4 Bxe4 23. Rxe4
Qh7 0-1

[Event "WBX Team Tournament 2013"]
[Site "Edmonton"]
[Date "2013.12.15"]
[Round "5"]
[White "Daher, Nayef"]
[Black "Wu, Chenxi"]
[Result "1/2-1/2"]
[WhiteElo "1770"]
[BlackElo "1715"]
[PlyCount "29"]
[EventDate "2013.12.14"]
[EventType "team"]
[SourceDate "2013.09.08"]

1. e4 c5 2. Nf3 d6 3. b4 Nd7 4. bxc5 Nxc5 5. Nc3 Nf6 6. e5 dxe5 7. Nxe5 Qc7 8.
d4 Ncd7 9. Nb5 Qd8 10. Bf4 Nd5 11. Nxf7 Qb6 12. Qh5 $2 (12. Nxh8 {
with a decisive material advantage.}) 12... N7f6 13. Nfd6+ Kd8 14. Nf7+ Ke8 15.
Nfd6+ {Neither side can avoid the repetition.} 1/2-1/2

[Event "2014 Alberta Closed"]
[Site "Edmonton"]
[Date "2014.04.18"]
[Round "1"]
[White "Ng, Gary"]
[Black "Haessel, Dale"]
[Result "1-0"]
[WhiteElo "2140"]
[BlackElo "2198"]
[PlyCount "69"]
[EventDate "2014.04.18"]
[EventType "tourn"]
[EventRounds "5"]
[EventCountry "CAN"]
[SourceDate "2013.09.08"]

1. b4 e5 2. Bb2 Bxb4 3. Bxe5 Nf6 4. Nc3 Be7 5. e4 O-O 6. Rb1 Re8 7. Nge2 Nc6 8.
Bxf6 Bxf6 9. d4 Na5 10. Qd3 g6 11. g3 d6 12. Bg2 c5 13. Nd5 Bg7 14. c3 Be6 15.
O-O Rb8 16. Rb2 f5 17. Nef4 Bd7 18. Ne3 fxe4 19. Bxe4 cxd4 20. cxd4 Nc6 21.
Bd5+ Kh8 22. Nc4 Bf5 23. Qa3 Bxd4 24. Nxd6 Qf6 25. Rxb7 Bxf2+ 26. Rxf2 Re1+ 27.
Kg2 Rxb7 28. Nxb7 Ne7 29. Bf3 g5 30. Nd5 Qa1 31. Qc3+ Qxc3 32. Nxc3 g4 33. Bd1
Re3 34. Nd6 Rxc3 35. Nxf5 1-0

[Event "2014 Alberta Closed"]
[Site "Edmonton"]
[Date "2014.04.19"]
[Round "2"]
[White "Yam, Alex"]
[Black "Ng, Gary"]
[Result "1-0"]
[WhiteElo "2278"]
[BlackElo "2140"]
[PlyCount "91"]
[EventDate "2014.04.18"]
[EventType "tourn"]
[EventRounds "5"]
[EventCountry "CAN"]
[SourceDate "2013.09.08"]

1. e4 b6 2. d4 Bb7 3. Bd3 Nf6 4. Qe2 Nc6 5. c3 e5 6. Nf3 d6 7. Ba6 Bxa6 8. Qxa6
Be7 9. O-O O-O 10. d5 Nb8 11. Qe2 Nbd7 12. c4 a5 13. Nc3 Nc5 14. Rb1 Nfd7 15.
Qc2 h6 16. b3 Bg5 17. Nxg5 hxg5 18. a3 g6 19. b4 Nb7 20. Qd2 f6 21. Qe3 Kf7 22.
Qg3 Rh8 23. Be3 Rh5 24. h3 Kg7 25. Nb5 Rh4 26. f3 Rh5 27. Rfc1 Kh8 28. Qg4 Rh4
29. Qg3 Rh5 30. Qf2 f5 31. exf5 gxf5 32. Qc2 g4 33. fxg4 fxg4 34. hxg4 Rh7 35.
g5 Nf8 36. Rf1 Qe8 37. Qe2 axb4 38. axb4 Qg6 39. Ra1 Rxa1 40. Rxa1 Qe4 41. Qf3
Qxf3 42. gxf3 Nd8 43. Ra8 Rd7 44. Rc8 Kg7 45. Nxc7 Kg6 46. Na8 1-0

[Event "2014 Alberta Closed"]
[Site "Edmonton"]
[Date "2014.04.19"]
[Round "3"]
[White "Haessel, Dale"]
[Black "Yam, Alex"]
[Result "0-1"]
[WhiteElo "2198"]
[BlackElo "2278"]
[PlyCount "30"]
[EventDate "2014.04.18"]
[EventType "tourn"]
[EventRounds "5"]
[EventCountry "CAN"]
[SourceDate "2013.09.08"]

1. d4 Nf6 2. c4 e5 3. dxe5 Ng4 4. Nf3 Bc5 5. e3 Nc6 6. a3 a5 7. b3 O-O 8. Bb2
Re8 9. Nbd2 d6 10. Ne4 Ba7 11. Qc2 Ngxe5 12. Nxe5 Nxe5 13. Ng3 Ng4 14. Be2 Nxf2
15. Qc3 Qg5 0-1

[Event "2014 Alberta Closed"]
[Site "Edmonton"]
[Date "2014.04.19"]
[Round "3"]
[White "Ng, Gary"]
[Black "Gardner, Robert"]
[Result "1/2-1/2"]
[WhiteElo "2140"]
[BlackElo "2173"]
[PlyCount "119"]
[EventDate "2014.04.18"]
[EventType "tourn"]
[EventRounds "5"]
[EventCountry "CAN"]
[SourceDate "2013.09.08"]

1. b4 d5 2. Bb2 Nf6 3. Nf3 e6 4. a3 a5 5. b5 c5 6. e3 Nbd7 7. d3 Bd6 8. c4 O-O
9. Nbd2 Re8 10. Qc2 e5 11. e4 d4 12. h3 Nh5 13. O-O-O g6 14. g3 b6 15. Be2 Bb7
16. Nh4 Ng7 17. Rhf1 f5 18. Bf3 f4 19. Kb1 Rf8 20. Ng2 Ne6 21. h4 Qe7 22. Bg4
Rf6 23. Nf3 Raf8 24. Qe2 fxg3 25. fxg3 h5 26. Bh3 Qf7 27. Nh2 Rxf1 28. Rxf1 Qe7
29. Bc1 Rxf1 30. Qxf1 Ndf8 31. g4 Qf7 32. gxh5 gxh5 33. Qe2 Bc8 34. Nf1 Bd7 35.
Ng3 Ng7 36. Bxd7 Nxd7 37. Bg5 Nf6 38. Qf3 Nfe8 39. Nf5 Nxf5 40. exf5 Ng7 41.
Bd8 Bc7 42. Bxc7 Qxc7 43. Qd5+ Qf7 44. Qxe5 Qxf5 45. Qxf5 Nxf5 46. Nf4 Nxh4 47.
Nxh5 Kf7 48. Nf4 Ng6 49. Nd5 Ne5 50. Nxb6 Nxd3 51. Na4 Ke7 52. Kc2 Ne5 53. Nxc5
Nxc4 54. Kb3 Nb6 55. a4 Kd6 56. Nb7+ Kd5 57. Nxa5 d3 58. Kc3 Nxa4+ 59. Kxd3 Kc5
60. Nc4 1/2-1/2

[Event "2014 Alberta Closed"]
[Site "Edmonton"]
[Date "2014.04.20"]
[Round "4"]
[White "Gardner, Robert"]
[Black "Haessel, Dale"]
[Result "0-1"]
[WhiteElo "2173"]
[BlackElo "2198"]
[PlyCount "90"]
[EventDate "2014.04.18"]
[EventType "tourn"]
[EventRounds "5"]
[EventCountry "CAN"]
[SourceDate "2013.09.08"]

1. d4 Nf6 2. c4 g6 3. Nc3 d5 4. Nf3 Bg7 5. Qb3 dxc4 6. Qxc4 O-O 7. e4 Bg4 8.
Be3 Nc6 9. O-O-O Nd7 10. h3 Bxf3 11. gxf3 e5 12. d5 Nd4 13. f4 b5 14. Nxb5 Nxb5
15. Qxb5 Rb8 16. Qc6 exf4 17. Bd4 Bxd4 18. Rxd4 Ne5 19. Qc3 Qh4 20. Rd2 Rfe8
21. Bd3 Nxd3+ 22. Qxd3 f3 23. Re1 Qxh3 24. e5 Rbd8 25. Qc4 Qf5 26. Qc3 f6 27.
e6 Rxd5 28. Rxd5 Qxd5 29. Qxf6 Qc5+ 30. Kb1 Qf8 31. Qe5 Qd6 32. Qe3 Re7 33. a3
a6 34. Qb3 h5 35. Qc4 Kh7 36. Ka1 c5 37. Qe4 Kg7 38. Qxf3 Rxe6 39. Rd1 Qe5 40.
Rd5 Rf6 41. Qd1 Qf4 42. Rxc5 Qxf2 43. Qd7+ Kh6 44. Rc7 Qe1+ 45. Ka2 Qe6+ 0-1

[Event "2014 Alberta Closed"]
[Site "Edmonton"]
[Date "2014.04.20"]
[Round "5"]
[White "Yam, Alex"]
[Black "Gardner, Robert"]
[Result "1-0"]
[WhiteElo "2278"]
[BlackElo "2173"]
[PlyCount "157"]
[EventDate "2014.04.18"]
[EventType "tourn"]
[EventRounds "5"]
[EventCountry "CAN"]
[SourceDate "2013.09.08"]

1. e4 g6 2. d4 c6 3. c4 d5 4. exd5 cxd5 5. Nc3 Nf6 6. cxd5 Nxd5 7. Qb3 Nxc3 8.
bxc3 Bg7 9. Nf3 O-O 10. Be2 Nc6 11. O-O Na5 12. Qa3 Be6 13. Bg5 f6 14. Bf4 Rc8
15. Rfe1 Rf7 16. Nd2 Bd5 17. Bf1 a6 18. Rac1 Nc4 19. Qb4 b5 20. a4 Bf8 21. Qb1
bxa4 22. Nxc4 Bxc4 23. Bxc4 Rxc4 24. Qd3 Qc8 25. g3 e6 26. h4 a3 27. Bd2 Rb7
28. h5 Kf7 29. Re4 f5 30. Re2 Qc6 31. Rce1 a2 32. Ra1 Ra4 33. hxg6+ hxg6 34.
Be1 Qd5 35. Qc2 Qc4 36. Rxa2 Rxa2 37. Qxa2 Qxa2 38. Rxa2 Rb6 39. Kf1 Ke7 40. c4
Kd7 41. c5 Rc6 42. f4 Bg7 43. Bf2 Kc8 44. Ke2 Bf6 45. Kd3 Bd8 46. Be1 g5 47.
Kc4 Kd7 48. Rh2 gxf4 49. gxf4 Be7 50. Ba5 Rc8 51. Rh7 Ke8 52. Bb6 Bd8 53. Rh8+
Kd7 54. Bxd8 Rxd8 55. Rh7+ Kc6 56. Ra7 Rh8 57. Rxa6+ Kd7 58. d5 exd5+ 59. Kxd5
Rh1 60. Ra7+ Ke8 61. Ke6 Re1+ 62. Kxf5 Rc1 63. Rc7 Kd8 64. Rc6 Kd7 65. Rd6+ Ke7
66. Rd5 Rg1 67. Re5+ Kf7 68. Ke4 Rd1 69. c6 Rd8 70. Rc5 Ke6 71. f5+ Kf6 72. c7
Rc8 73. Rc6+ Ke7 74. Ke5 Kd7 75. Rc1 Ke7 76. f6+ Kf7 77. Kf5 Rh8 78. Ke5 Rc8
79. Kd6 1-0

[Event "2014 Alberta Reserves"]
[Site "Edmonton"]
[Date "2014.04.19"]
[Round "3"]
[White "Sequillion, Aaron"]
[Black "Haynes, Nicolas"]
[Result "1/2-1/2"]
[WhiteElo "2198"]
[BlackElo "2273"]
[PlyCount "56"]
[EventDate "2014.04.19"]
[EventType "swiss"]
[EventRounds "5"]
[EventCountry "CAN"]
[SourceDate "2013.09.08"]

1. e4 c5 2. Nf3 e6 3. d4 cxd4 4. Nxd4 a6 5. c4 Nc6 6. Nc3 Qc7 7. Be3 Nf6 8. Be2
Bb4 9. Nxc6 bxc6 10. Qd4 c5 11. Qd3 Bb7 12. f3 d5 13. cxd5 exd5 14. exd5 Nxd5
15. O-O Bxc3 16. bxc3 Qe5 17. Rfe1 O-O-O 18. Bxc5 Nxc3 19. Qc4 Nxe2+ 20. Kf1
Kb8 21. Rab1 Qd5 22. Qxa6 Nc3 23. Rxb7+ Qxb7 24. Bd6+ Rxd6 25. Qxd6+ Qc7 26.
Qb4+ Ka8 27. Qa3+ Kb8 28. Qb4+ Ka8 1/2-1/2

[Event "2014 Alberta Women's Championship"]
[Site "Edmonton"]
[Date "2014.04.19"]
[Round "2"]
[White "Burn, Jina"]
[Black "Arzumanyan, Armine"]
[Result "1-0"]
[WhiteElo "1534"]
[BlackElo "1912"]
[PlyCount "47"]
[EventDate "2014.04.19"]
[EventType "swiss"]
[EventRounds "5"]
[EventCountry "CAN"]
[SourceDate "2013.09.08"]

1. e4 g6 2. d4 Bg7 3. Bc4 e6 4. Nc3 Ne7 5. Nf3 d5 6. Bb3 c5 7. exd5 Nxd5 8.
Nxd5 exd5 9. dxc5 Qa5+ 10. c3 O-O 11. O-O Na6 12. Bg5 Re8 13. Bxd5 Qxc5 14. Qb3
Qc7 15. Rfe1 Rxe1+ 16. Rxe1 Bf8 17. Ne5 Nc5 18. Bxf7+ Kg7 19. Qc4 Bd6 20. Qd4
Bf5 21. Nxg6+ Kxf7 22. Qf6+ Kg8 23. Qh8+ Kf7 24. Qxh7# 1-0

[Event "2014 Red Deer Open"]
[Site "Red Deer"]
[Date "2014.05.17"]
[Round "2"]
[White "Pechenkin, Vladimir"]
[Black "Cheng, Louis"]
[Result "1-0"]
[WhiteElo "2312"]
[BlackElo "1866"]
[PlyCount "113"]
[EventDate "2014.05.17"]
[EventType "swiss"]
[EventRounds "5"]
[EventCountry "CAN"]
[SourceDate "2013.09.08"]

1. c4 Nf6 2. g3 g6 3. Bg2 Bg7 4. Nc3 O-O 5. d3 d6 6. e4 c6 7. Nge2 e5 8. O-O
Be6 9. h3 Qc8 10. Kh2 Rd8 11. f4 Ne8 12. Be3 Na6 13. Rc1 Qd7 14. b3 Nac7 15. d4
f6 16. d5 Bf7 17. f5 g5 18. Bf3 c5 19. h4 h6 20. a3 Rdb8 21. b4 b6 22. Rb1 {
White has conquered more space than the Roman Empire but this doesn't imply an
automatic win. In his turn, Black is hoping to build a fortress across the
whole board.} Bf8 23. Nc1 Rb7 24. Nd3 {What's important is that White has
enough pieces to cover all the squares in his camp. On the other hand, Black
has difficulties finding meaningful employment for his own pieces. Therefore,
White's motto is "No trades!"} Rab8 25. Rf2 a5 {It is interesting to follow
Black's dark-squared bishop. For the time being it's by far the worst piece on
the board...} 26. Rfb2 axb4 {The first exchange of the game.} 27. axb4 Na6 28.
Qd2 Kh7 29. Bd1 $1 {
White's allegedly "bad" bishop is about to become Black's nightmare.} Ng7 30.
hxg5 fxg5 31. Ba4 Qd8 32. bxc5 {It is time to cash in.} Nxc5 33. Bxc5 dxc5 34.
Nxe5 Bd6 35. Nc6 Qf6 {Now, all of a sudden, Black's dark-squared bishop is his
best piece! It is so strong that White prefers eliminating it rather than
taking an exchange.} 36. Nb5 Be5 37. Nxe5 Qxe5 38. Bc2 (38. Qc3 $1 {
nips the opponent's counterplay in the bud as} Qxe4 {loses immediately to} 39.
Re1 Qg4 40. Bd1 Qxf5 41. Bc2) 38... Nh5 39. Qc3 {
Now Black can prolong the game.} Nf6 40. Qxe5 Ng4+ 41. Kg1 Nxe5 42. Nd6 Ra7 43.
Rxb6 Rxb6 44. Rxb6 Ra2 45. Nxf7 Nf3+ 46. Kf2 Nd4 47. Ne5 Rxc2+ 48. Ke3 Rc3+ 49.
Kd2 Rxg3 50. Rb7+ Kg8 51. f6 Nf3+ 52. Nxf3 Rxf3 53. e5 Rf4 54. d6 Rxc4 55. Rg7+
Kh8 56. d7 Rd4+ 57. Kc3 1-0

[Event "2014 Red Deer Open"]
[Site "Red Deer"]
[Date "2014.05.18"]
[Round "4"]
[White "Miller, David"]
[Black "Pechenkin, Vladimir"]
[Result "1/2-1/2"]
[WhiteElo "2012"]
[BlackElo "2312"]
[PlyCount "108"]
[EventDate "2014.05.17"]
[EventType "swiss"]
[EventRounds "5"]
[EventCountry "CAN"]
[SourceDate "2013.09.08"]

1. e4 e6 2. d4 d5 3. Nc3 Nf6 4. e5 Nfd7 5. Nce2 {The Shirov-Anand variation of
the Classical French. Black must play energetically in order to avoid being
suffocated.} c5 6. f4 Nc6 7. c3 Qb6 8. Nf3 f6 9. a3 Be7 10. h4 O-O 11. Neg1 $2
{This regrouping is too slow. It leads to a position from the French Tarrasch
but White is down two tempi.} ({The official main line is} 11. Rh3) 11... cxd4
12. cxd4 fxe5 13. fxe5 Ndxe5 $1 {
A typical piece sacrifice in this line freeing Black's game.} 14. dxe5 Nxe5 15.
Qe2 {It's hard to say which move is best.} (15. Qd4 $2 {is no good in view of}
Rxf3 16. Qxb6 Rxf1+ 17. Kxf1 axb6 $19) ({The computer suggests} 15. Be2 {
at first but after} Ng4 16. Nh3 Qc7 17. Qd4 Qg3+ 18. Kf1 e5 $1 19. Qxd5+ Kh8 {
Black's attack is very dangerous.}) 15... Ng4 16. Nh3 Bd6 {Black should look
for improvement here as now White manages to untangle and equalize.} 17. Qb5 $1
{Correctly seeking a trade of queens.} Qc7 ({Another line is} 17... Bg3+ 18.
Kd1 Qxb5 19. Bxb5 e5 {letting the queens off the board.} {After} 20. Bd2 e4 21.
Nd4 Be5 {the position is hard to evaluate, especially over the board.}) 18. Bd2
Bd7 19. Qb3 Bg3+ ({A good alternative is} 19... Rac8 $5 20. Rc1 Bc5 {maintainin
g the tension. Black still has full compensation for the sacrificed material
but no more than that.}) 20. Kd1 e5 $2 {
Played in the spirit of the position but it doesn't work tactically.} 21. Nfg5
$1 {The refutation.} (21. Qxd5+ $2 Kh8 {is in Black's favor, e.g.,} 22. Rc1 Qd8
23. Bc4 Nf6 24. Qxb7 e4 25. Nfg5 e3 {etc.}) 21... e4 $2 {
Loses but the alternatives are hardly inspiring.} 22. Qxd5+ $2 ({
For some reason both players missed the simple} 22. Nxe4 $18) 22... Kh8 23. Rc1
Bc6 $2 ({Black has an amazing resource} 23... Qb6 $3 {
turning the tables once again.} {Here is a nice sample line:} 24. Qxd7 $2 ({
correct is} 24. Rc2 {with a mess position}) 24... Rad8 25. Qa4 Rxf1+ 26. Rxf1
Rxd2+ 27. Kxd2 Qe3+ 28. Kc2 Qd3#) 24. Qxe4 Bxe4 25. Rxc7 Bxc7 26. Nxe4 {
White's material advantage should tell as soon as his restores thecoordination
of his pieces. Both opponents were short on time here, which gave Black
additional practical chances.} Rad8 27. Kc1 Rd4 28. Nc3 Nf2 29. Nxf2 Rxf2 30.
Be3 $2 {This is what Black was hoping for.} (30. Be1 $1 {
and there are no more tricks.}) 30... Bf4 31. Bxf4 Rdxf4 32. Bd3 Rxg2 33. Be4
Rgg4 34. Rd1 g6 35. h5 {This should lead to a quick draw.} ({
The way to play for a win is} 35. Bxb7 {but it's clearly double-edged.}) 35...
Rxe4 36. Nxe4 Rxe4 37. h6 Rc4+ (37... Kg8 38. Rd8+ Kf7 39. Rh8 g5 40. Rxh7+ Kg6
41. Rxb7 Kxh6 42. Rxa7 g4 {should also be drawn.}) 38. Kb1 Rc8 39. Rd7 g5 (
39... Rb8 {
looks very passive but it is also sufficient for a draw without any drama.})
40. Rxb7 g4 41. Rxa7 g3 42. Re7 g2 43. Re1 Rf8 $2 ({Black misses an amazing} 
43... Rc1+ $3 44. Kxc1 g1=Q 45. Rxg1 {stalemate!}) 44. Kc2 $2 {
Looks natural but allows Black to escape.} ({Surprisingly, the correct move is
} 44. Ka2 {as White gets an extra tempo to push the a-pawn.} {For example,} Kg8
45. Rg1 Rf2 46. a4 Kf7 47. a5 Ke7 48. a6 Rf6 49. a7 Ra6+ 50. Kb1 Rxa7 51. Rxg2
{with a likely win.}) 44... Rf2+ 45. Kc3 Kg8 46. Rg1 Kf7 47. b4 Ke6 48. Kd4 Kd6
{White cannot make progress.} 49. Ke3 Ra2 50. a4 Rxa4 51. Rxg2 Rxb4 52. Rg7 Rh4
53. Rxh7 Ke6 54. Ra7 Kf6 1/2-1/2